000 02237cam a22004935i 4500
001 data
005 20260322212118.0
008 data
035 _a24042547
906 _a0
_bibc
_ccopycat
_d2
_encip
_f20
_gy-gencatlg
925 0 _aacquire
_b1 shelf copy
_xpolicy default
010 _a 2025398056
015 _aGBC299718
_2bnb
016 7 _a020636110
_2Uk
020 _a9781529425109
_q(pbk.)
020 _z9781529428704
_q(ePub ebook)
035 _a(OCoLC)1328026797
040 _aUKMGB
_beng
_erda
_cUKMGB
_dDLC
_dNZAUC
_dOCLCO
_dGP5
_dOCLCL
_dUKNYK
_dOCLCO
_dDLC
042 _alccopycat
072 7 _aPHI
_2eflch
072 7 _aPHI
_2ukslc
082 0 4 _a100
_223
100 1 _aDupré, Ben,
_eauthor.
_1https://id.oclc.org/worldcat/entity/E39PCjyg4C4FjTXTMyYvqf3KQy
245 1 0 _a50 philosophy ideas you really need to know /
_cBen Dupré.
246 3 _aFifty philosophy ideas you really need to know
264 1 _aLondon :
_bGreenfinch,
_c2022.
264 4 _c©2007
300 _a207 pages :
_billustrations (black and white) ;
_c18 cm
336 _atext
_btxt
_2rdacontent
336 _astill image
_bsti
_2rdacontent
337 _aunmediated
_bn
_2rdamedia
338 _avolume
_bnc
_2rdacarrier
500 _aOriginally published: 2007.
500 _aIncludes index.
520 _a"In a series of accessible and engaging essays, 50 Philosophy Ideas You Really Need to Know introduces and explains the problems of knowledge, consciousness, identity, ethics, belief, justice and aesthetics that have troubled the minds of great thinkers for centuries, from the ancient Greeks to the present day. From The brain in a vat to Plato's cave, Cogito ergo sum to The mind-body problem, this compact guide is the perfect introduction to central ideas of philosophy"--Publisher's description.
650 0 _aPhilosophy.
650 7 _aphilosophy.
_2aat
650 7 _aPhilosophy.
_2eflch
650 7 _aPhilosophy
_2fast
650 7 _aPhilosophy.
_2ukslc
758 _ihas work:
_a50 philosophy ideas you really need to know (Text)
_1https://id.oclc.org/worldcat/entity/E39PCGmKVHrj46QCpP444cmV3P
_4https://id.oclc.org/worldcat/ontology/hasWork
776 0 8 _iebook version :
_z9781529428704
999 _c1798
_d1798